| 000 | 00541nam a2200217Ia 4500 | ||
|---|---|---|---|
| 999 |
_c60094 _d60094 |
||
| 003 | 0100 | ||
| 005 | 20170608143723.0 | ||
| 008 | 130303s9999 xx 000 0 und d | ||
| 040 | _cARRUPELIB | ||
| 050 | _aDT14.R6 1952 | ||
| 100 |
_aRoss, Emory _932378 |
||
| 245 | _aAfrican heritage | ||
| 260 |
_bFriendship Press _aNew York _c1952 |
||
| 300 | _a145p. | ||
| 300 | _b 23 cm | ||
| 650 |
_aAfrica _919576 |
||
| 650 |
_aMissions _zAfricans _932379 |
||
| 942 |
_2lcc _01 _cMONOGRAPH |
||